Difference and cultures in Europe

Αποθηκεύτηκε σε:
Λεπτομέρειες βιβλιογραφικής εγγραφής
Συγγραφή απο Οργανισμό/Αρχή: Council of Europe. Council for cultural Co-operation
Άλλοι συγγραφείς: Camilleri, Carmel (Επιμελητής έκδοσης), Affergan, Francis (Επιμελητής έκδοσης)
Μορφή: Βιβλίο
Γλώσσα:English
French
Δημοσίευση: Strasbourg : Council of Europe Press, 1995.
Σειρά:Education & culture
Θέματα:
Ετικέτες: Προσθήκη ετικέτας
Δεν υπάρχουν, Καταχωρήστε ετικέτα πρώτοι!

MARC

LEADER 00000cam a2200000 i 4500
001 1/70687
008 990226s1995 fr | ||| |||| ||eng||
020 |a 9287125996 
035 |l 10048164 
040 |a GR-MyUA  |b gre  |e AACR2 
041 1 |a eng  |h fre 
082 0 |a 305.80094 
245 1 0 |a Difference and cultures in Europe /   |c edited by Carmel Camilleri ; contributions by Francis Affergan ... [κ. ά.].  
260 |a Strasbourg :   |b Council of Europe Press,   |c 1995.  
300 |a 215 σ.  
490 1 |a (Education & culture)  
500 |a "Democracy, human rights, minorities." (at foot of title) 
500 |a Τίτλος πρωτοτύπου: Difference et cultures en Europe.  
504 |a Περιέχει βιβλιογραφικές αναφορές.  
650 0 0 |a Multiculturalism  |z Europe. 
650 0 0 |a Pluralism (Social sciences)  |z Europe. 
650 0 0 |a Minorities  |z Europe. 
700 1 |a Camilleri, Carmel,  |e edt 
700 1 |a Affergan, Francis,  |e edt 
710 2 |a Council of Europe.   |b Council for cultural Co-operation. 
830 0 |a Education & culture 
852 |a INST  |b LESVOS  |e 19990226  |h 305.80094 DIF  |p 005100021517  |q 005100021517  |t BK  |y 0 
901 |a BIBL1-2000-2 
909 |a Λ  |b 061310 
922 |a 1ΕΛΗ  |b 199811  |c ΚΠΣ/ΤΚ  |d ΠΑΠΑΣΩΤΗΡΙΟΥ 
950 |a 103-1998-07-27 
970 |z 2000/05/ΜΙΧΑΗΛΙΔΟΥ ΑΝΝΑ